Beatles Songs and Albums - Statistics

General Stats
  • This quiz has been taken 9,300 times
  • The average score is 521 of 740
Answer Stats
ANSWER % Correct
A
96%
a
96%
I
94%
The
92%
the
92%
Be
91%
Me
91%
You
91%
Love
90%
to
89%
To
89%
In
88%
in
88%
My
88%
my
88%
Do
87%
Her
87%
And
86%
and
86%
Day
86%
(Go
86%
It
86%
it
86%
With
86%
with
86%
Help
85%
Help!
85%
Let
84%
No
84%
She
84%
Want
84%
Want)
84%
We
84%
Your
84%
Life
83%
On
83%
on
83%
All
82%
For
82%
for
82%
Please
82%
Sgt.
82%
So
82%
Heart
81%
Back
80%
Can
80%
Get
80%
Night
80%
There
80%
Yellow
80%
Come
79%
From
79%
from
79%
is
79%
Is
79%
Little
79%
of
79%
Band
78%
Club
78%
Here
78%
Here,
78%
I'm
78%
Lonely
78%
Need
78%
Pepper's
78%
Sun
78%
Us
78%
Days
77%
Day's
77%
Got
77%
Hard
77%
Know
77%
Submarine
77%
Don't
76%
Hearts
76%
Hey
76%
Hey,
76%
Mr.
76%
1
75%
Good
75%
Hold
75%
One
75%
Doctor
74%
Every
74%
Long
74%
Long,
74%
Man
74%
Together
74%
Car
73%
Magical
73%
Road
73%
Road?
73%
That
73%
U.S.S.R.
73%
Baby
72%
Baby,
72%
Comes
72%
When
72%
Why
72%
Yes
72%
Girl
71%
I've
71%
Lucy
71%
Sky
71%
Something
71%
Bird
70%
Can't
70%
Diamonds
70%
Revolution
70%
Saw
70%
(She's
70%
She's
70%
Am
69%
Mystery
69%
Revolver
69%
Standing
69%
Tour
69%
Walrus
69%
Wood
69%
Abbey Road
68%
Black
68%
Eleanor
68%
Never
68%
Now
68%
Rigby
68%
White Album
68%
9
67%
Drive
67%
Fields
67%
Into
67%
Money
67%
Norwegian
67%
Strawberry
67%
What
67%
Friends
66%
Hide
66%
Penny
66%
Won't
66%
Blue
65%
Eight
65%
Everywhere
65%
Lane
65%
Rock
65%
Rubber soul
65%
Should
65%
Taxman
65%
Through
65%
Winding
65%
You're
65%
Boy
64%
Buy
64%
Jude
64%
Loving
64%
Secret
64%
See
64%
Sixty-Four
64%
Tell
64%
Twist
64%
Two
64%
Yesterday
64%
Benefit
63%
Fool
63%
Him)
63%
Mother
63%
Shout
63%
Week
63%
Came
62%
Forever
62%
Give
62%
Hand
62%
Home
62%
Honey
62%
Kite!
62%
Mean
62%
Mustard
62%
Said
62%
Sgt. Pepper's Lonely Hearts Club Band
62%
Dear
61%
End
61%
Have
61%
Hill
61%
I'll
61%
It's
61%
Just
61%
Let it be
61%
Lovely
61%
Loves
61%
Only
61%
(This
61%
This
61%
Wanna
61%
You've
61%
Anna
60%
Bathroom
60%
Better
60%
Garden
60%
Guitar
60%
Michelle
60%
Mine
60%
Please Please Me
60%
Rita
60%
Robert
60%
While
60%
Being
59%
Everybody's
59%
Gently
59%
King
59%
Leaving
59%
Lose
59%
Maxwell's
59%
Morning
59%
Prudence
59%
Run
59%
Silver
59%
Weeps
59%
Window
59%
Without
59%
Hammer
58%
Heavy)
58%
Hole
58%
(Look
58%
Magical Mystery Tour
58%
Majesty
58%
Octopus's
58%
Postman
58%
Roll
58%
Sunshine
58%
Within
58%
A Hard Day's Night
57%
Down
57%
Feel
57%
Fixing
57%
If
57%
Nowhere
57%
Son
57%
Will
57%
Beatles for Sale
56%
Going
56%
Hello,
56%
Julia
56%
Rich
56%
Way
56%
Before
55%
Bill
55%
By
55%
Except
55%
Goodbye
55%
Monkey
55%
Oh!
55%
Pam
55%
Pie
55%
Really
55%
Sing
55%
Thing
55%
Tomorrow
55%
Too
55%
With the Beatles
55%
Across
54%
at
54%
Blackbird
54%
Bulldog
54%
Bungalow
54%
Carry
54%
Golden
54%
Gun
54%
Happiness
54%
Happy
54%
Has
54%
Helter
54%
Knows
54%
Martha
54%
Out
54%
(That's
54%
Tired
54%
Yellow Submarine
54%
Ballad
53%
Because
53%
Dance
53%
Dig
53%
Getting
53%
Jay
53%
John
53%
Looking
53%
Over
53%
Polythene
53%
Skelter
53%
Sleeping
53%
Slumbers
53%
Story
53%
Tripper
53%
Universe
53%
Warm
53%
Was
53%
Work
53%
Cry
52%
Darling
52%
Glass
52%
Goes
52%
Onion
52%
Pony
52%
P.S.
52%
Rocky
52%
Seen
52%
Taste
52%
Weight
52%
Word
52%
Chains
51%
Face
51%
Flown)
51%
Known
51%
Ob-La-Di,
51%
Raccoon
51%
Yoko
51%
Away
50%
Beethoven
50%
Boys
50%
Fell
50%
Follow
50%
Ride
50%
Time
50%
Wild
50%
After
49%
Ask
49%
Continuing
49%
Loser
49%
Much
49%
Ob-La-Da
49%
Paperback
49%
Song
49%
Ticket
49%
Writer
49%
Like
48%
Miss
48%
Reply
48%
Sexy
48%
Baby's
47%
Birthday
47%
Feeling
47%
Misery
47%
Nature's
47%
Sadie
47%
Trying
47%
909
46%
City /
46%
Flying
46%
Kansas
46%
Moonlight
46%
Pass
46%
Tight
46%
Till
46%
Woman
46%
Any
45%
Blues
45%
Bother
45%
Dizzy
45%
Lady
45%
Northern
45%
Lizzy
44%
Name
44%
Not
44%
Piggies
44%
Yer
44%
Devil
43%
Fine
43%
Madonna
43%
Spoil
43%
Up
43%
Party
42%
Things
42%
Another
41%
Child
41%
Doing
41%
Music
41%
Number)
41%
Rain
41%
Today
41%
Words
41%
Bad
40%
Needed
40%
Sally
40%
Someone
40%
Tall
40%
Wait
40%
Act
39%
Instead
39%
Maggie
39%
Place
39%
Savoy
39%
Think
39%
Truffle
39%
Mae
38%
Naturally
38%
Old
38%
There's
38%
Yourself
37%
Brown
36%
Past Masters 1&2
36%
Call
35%
Shoe
35%
Second
34%
Thank
34%
Light
31%
Inner
29%
Matchbox
28%
Slow
26%
No matching quizzes found
Score Distribution
Percent of People with Each Score
Percentile by Number Answered
Your Score History
You have not taken this quiz